000 00522nam a2200181 a 4500
001 000019550
005 20200929170044.0
008 100630s1922 fr r 000 f spa d
040 _aDO-SdBNP
_bspa
_cBNPHU
082 _a843.4
_bM454b
100 1 _aMauriac, François
_d1885-1970
_913636
245 1 3 _aLe baiser au lépreux /
_cFrançois Mauriac.
260 _aParís :
_bBernard Grasset,
_c1922.
300 _a174 p. ;
_c19 cm.
650 4 _aNovela francesa
_91075
650 4 _aLiteratura francesa
_91074
049 _aBNGR
999 _c19066
_d19066